|
|
|
|
| LEADER |
00000nab a2200000 a 4500 |
| 001 |
vtls010070672 |
| 003 |
SK-MaSNL |
| 005 |
20260304161312.0 |
| 008 |
250507c2009 xo |||||||||||000 b|slo |
| 015 |
|
|
|a SNBRB2010/03
|2 snkbucl
|
| 035 |
|
|
|a (uuid)dfbb9097-0aab-4bdd-8d1f-5c2de9e96baa
|
| 035 |
|
|
|a urn:nbn:sk:snk-ab15pv
|
| 035 |
|
|
|a (urnnbn)urn:nbn:sk:snk:ar-a03v5x
|
| 038 |
|
|
|a SNKBUCL
|
| 040 |
|
|
|a SNKBUCL
|b slo
|c SNKBUCL
|e AACR2
|
| 041 |
0 |
|
|a slo
|
| 044 |
|
|
|a xo
|c SK
|
| 080 |
|
|
|a 351.77
|x (100)
|2 1997
|
| 080 |
|
|
|a 614.91
|x (100)
|2 1997
|
| 080 |
|
|
|a 636.4.09:616.921.5-036.21
|x (100)
|2 1997
|
| 080 |
|
|
|a 616.921.5-036.21
|x (100)
|2 1997
|
| 080 |
|
|
|a 578.82/.83
|2 1997
|
| 245 |
0 |
0 |
|a Pracovný dokument GR pre ochranu spotrebiteľa o dohľade (surveillance) a kontrolných opatreniach pre vírus pandemickej chrípky typu (H1N1) 2009 u ošípaných
|c preklad J. Pliešovský, P. Čéry
|
| 650 |
0 |
7 |
|a chrípka ošípaných
|2 snkbucl
|9 1485092
|
| 650 |
0 |
7 |
|a vírus H1N1
|2 snkbucl
|9 1485093
|
| 650 |
0 |
7 |
|a pandémie
|2 snkbucl
|9 59320
|
| 650 |
0 |
7 |
|a surveillance
|2 snkbucl
|9 1483364
|
| 650 |
0 |
7 |
|a prevencia ochorení
|2 snkbucl
|9 69501
|
| 700 |
1 |
|
|a Pliešovský, Ján
|4 trl
|9 389096
|
| 700 |
1 |
|
|a Čéry, P.
|4 trl
|9 815085
|
| 773 |
0 |
|
|t Slovenský veterinársky časopis = Slovak veterinary journal
|g Roč. XXXIV, č. 5 (2009), s. 278-281
|x 1335-0099
|
| 850 |
|
|
|a Slovenská národná knižnica
|
| 852 |
|
|
|a Slovenská národná knižnica
|
| 954 |
|
|
|a odborná, vedecká literatúra cudzojazyčná (svetová)
|2 lita
|
| 958 |
|
|
|a article27
|
| 958 |
|
|
|a OND
|
| 958 |
|
|
|a EUIPO
|
| 999 |
|
|
|c 2970631
|d 2972561
|